[Event "XtraCon-Skakligaen"]
[Site "Denmark"]
[Date "2009.01.25"]
[Round "6.5"]
[White "Fries Nielsen, Niels Jorgen"]
[Black "Kristensen, Kaare Hove"]
[Result "1/2-1/2"]
[WhiteElo "2393"]
[BlackElo "2215"]
[PlyCount "63"]
[EventDate "2008.11.01"]
[EventType "team-tourn"]
[EventRounds "9"]
[EventCountry "DEN"]
[WhiteTeam "Helsinge"]
[BlackTeam "Nordkalotten"]
[WhiteTeamCountry "DEN"]
[BlackTeamCountry "DEN"]

1. b3 c5 2. Bb2 Nc6 3. e3 e5 4. Bb5 d6 5. Ne2 Nge7 6. O-O a6 7. Bxc6+ Nxc6 8.
d4 cxd4 9. exd4 Be7 10. c4 Bg4 11. f3 Bf5 12. Nbc3 O-O 13. Nd5 Bf6 14. f4 exd4
15. Nxd4 Bxd4+ 16. Bxd4 Nxd4 17. Qxd4 b5 18. Rfe1 Be6 19. Ne3 bxc4 20. f5 Bd7
21. bxc4 Qa5 22. f6 Qc5 23. Rad1 Qxd4 24. Rxd4 gxf6 25. Rxd6 Be6 26. Rf1 Rfd8
27. Rfd1 Rdc8 28. Nd5 Rc5 29. Nxf6+ Kg7 30. Nd5 Rb8 31. Nb6 Rb7 32. R1d2
1/2-1/2

[Event "XtraCon-Skakligaen"]
[Site "Denmark"]
[Date "2009.01.25"]
[Round "6.6"]
[White "Hove, Esben Kjems"]
[Black "Andersson, Bjorn"]
[Result "0-1"]
[WhiteElo "2285"]
[BlackElo "2286"]
[PlyCount "142"]
[EventDate "2008.11.01"]
[EventType "team-tourn"]
[EventRounds "9"]
[EventCountry "DEN"]
[WhiteTeam "Nordkalotten"]
[BlackTeam "Helsinge"]
[WhiteTeamCountry "DEN"]
[BlackTeamCountry "DEN"]

1. d4 c5 2. e3 g6 3. c3 b6 4. Nf3 Nf6 5. Nbd2 Bg7 6. Bd3 Ba6 7. Bxa6 Nxa6 8.
O-O O-O 9. Qe2 Nc7 10. e4 d5 11. dxc5 bxc5 12. exd5 Nfxd5 13. Ne4 Ne6 14. Rd1
Rc8 15. g3 c4 16. Nfg5 Nxg5 17. Bxg5 Qa5 18. Qf3 Rfd8 19. Be3 h6 20. g4 Nxe3
21. Rxd8+ Rxd8 22. Qxe3 Qe5 23. Re1 Rd3 24. Qc5 Qe6 25. Kf1 Bf8 26. Qxa7 Qxg4
27. Qc7 Qh3+ 28. Kg1 Qe6 29. Kf1 Rd7 30. Qc5 Qh3+ 31. Kg1 Qd3 32. Ng3 h5 33.
Qe3 Qc2 34. Qe4 Qxb2 35. Qxc4 Rd2 36. Ne4 Rc2 37. a4 Qa2 38. Qd4 Qe6 39. Qd1
Ra2 40. Re2 Qg4+ 41. Ng3 h4 42. Qe1 Rxe2 43. Qxe2 Qxa4 44. Nf1 e6 45. c4 Bc5
46. Qg4 h3 47. Qxh3 Qxc4 48. Qg3 Qd4 49. h3 Bd6 50. Qf3 Qf4 51. Qc3 Kh7 52. Kg2
Be5 53. Qd3 Qg5+ 54. Kh1 Bf4 55. Qe2 Qh5 56. Qxh5+ gxh5 57. Kg2 Kg6 58. Kf3 Kf5
59. h4 f6 60. Ne3+ Bxe3 61. fxe3 Ke5 62. e4 Kd4 63. Kf4 e5+ 64. Kf5 Kd3 65.
Kxf6 Kxe4 66. Kg5 Kf3 67. Kxh5 e4 68. Kg6 e3 69. h5 e2 70. h6 e1=Q 71. h7 Qe5
0-1

[Event "XtraCon-Skakligaen"]
[Site "Denmark"]
[Date "2009.01.25"]
[Round "6.7"]
[White "Bekker Jensen, David"]
[Black "Koch, Soren Andreas"]
[Result "1-0"]
[WhiteElo "2310"]
[BlackElo "2178"]
[PlyCount "49"]
[EventDate "2008.11.01"]
[EventType "team-tourn"]
[EventRounds "9"]
[EventCountry "DEN"]
[WhiteTeam "Helsinge"]
[BlackTeam "Nordkalotten"]
[WhiteTeamCountry "DEN"]
[BlackTeamCountry "DEN"]

1. d4 Nf6 2. c4 e6 3. Nc3 d5 4. cxd5 exd5 5. Bg5 Be7 6. e3 O-O 7. Bd3 Nbd7 8.
Qc2 Re8 9. Nf3 h6 10. Bf4 c6 11. h3 Nf8 12. O-O Ne6 13. Bh2 Bf8 14. Rad1 Ng5
15. Ne5 Nfe4 16. f4 f6 17. fxg5 fxe5 18. gxh6 exd4 19. Nxe4 dxe4 20. Bxe4 Qh4
21. Bh7+ Kh8 22. Rxf8+ Rxf8 23. hxg7+ Kxg7 24. Qg6+ Kh8 25. Be5+ 1-0

[Event "XtraCon-Skakligaen"]
[Site "Denmark"]
[Date "2009.01.25"]
[Round "6.8"]
[White "Lilja, Richard"]
[Black "Dragicevic, Drazen"]
[Result "1-0"]
[WhiteElo "2101"]
[BlackElo "2181"]
[PlyCount "55"]
[EventDate "2008.11.01"]
[EventType "team-tourn"]
[EventRounds "9"]
[EventCountry "DEN"]
[WhiteTeam "Nordkalotten"]
[BlackTeam "Helsinge"]
[WhiteTeamCountry "DEN"]
[BlackTeamCountry "DEN"]

1. e4 c5 2. Nc3 Nc6 3. Bb5 Nd4 4. Bc4 e6 5. Nf3 Nf6 6. O-O d5 7. exd5 exd5 8.
Nxd5 Nxd5 9. Nxd4 cxd4 10. Qh5 Be6 11. Re1 Nc7 12. Bxe6 Nxe6 13. Rxe6+ Be7 14.
Qb5+ Qd7 15. Qxd7+ Kxd7 16. Re4 Bf6 17. c4 Rhe8 18. d3 Rxe4 19. dxe4 Rc8 20. b3
Re8 21. f3 d3 22. Rb1 Bd4+ 23. Kf1 f5 24. Bb2 Bc5 25. Rd1 fxe4 26. Bxg7 Re7 27.
Bf8 e3 28. Rxd3+ 1-0

[Event "XtraCon-Skakligaen"]
[Site "Denmark"]
[Date "2009.02.22"]
[Round "7.1"]
[White "Hillarp Persson, Tiger"]
[Black "Antonsen, Mikkel"]
[Result "1-0"]
[WhiteElo "2543"]
[BlackElo "2442"]
[PlyCount "121"]
[EventDate "2008.11.01"]
[EventType "team-tourn"]
[EventRounds "9"]
[EventCountry "DEN"]
[WhiteTeam "Bronshoj"]
[BlackTeam "Nastved"]
[WhiteTeamCountry "DEN"]
[BlackTeamCountry "DEN"]

1. d4 Nf6 2. c4 e6 3. g3 d5 4. Nf3 Be7 5. Bg2 O-O 6. O-O dxc4 7. Qc2 a6 8. Qxc4
b5 9. Qc2 Bb7 10. Bd2 Be4 11. Qc1 Bb7 12. Bf4 Bd6 13. Nbd2 Bxf4 14. gxf4 Nbd7
15. Nb3 Bd5 16. Rd1 Ne4 17. Nc5 Ndf6 18. Ne5 Qe7 19. b4 a5 20. f3 Nxc5 21. Qxc5
Qd6 22. e4 Bc4 23. a3 g6 24. Rac1 axb4 25. axb4 Rfc8 26. Nxc4 bxc4 27. Qxc4
Qxf4 28. Kh1 Nh5 29. d5 exd5 30. exd5 Rab8 31. Qxf4 Nxf4 32. Rc4 g5 33. h4 h6
34. hxg5 hxg5 35. Rdd4 Re8 36. Rd2 Re7 37. Bf1 Ra8 38. Kg1 Ra3 39. Re4 Rd7 40.
Kf2 Kg7 41. b5 Rc3 42. d6 cxd6 43. Rb4 d5 44. b6 Rb7 45. Ba6 Rb8 46. b7 Rc6 47.
Bf1 Rc7 48. Rdb2 Ne6 49. Kg2 d4 50. Kg3 f5 51. Bd3 Kf6 52. Rb6 f4+ 53. Kg4 Rc1
54. Rb1 Rxb1 55. Bxb1 Ke5 56. Ba2 Nf8 57. Rb5+ Kd6 58. Rxg5 Rxb7 59. Rd5+ Ke7
60. Rxd4 Ng6 61. Ra4 1-0

[Event "XtraCon-Skakligaen"]
[Site "Denmark"]
[Date "2009.02.22"]
[Round "7.2"]
[White "Olsen, Nils Linde"]
[Black "Bromann, Thorbjorn"]
[Result "0-1"]
[WhiteElo "2256"]
[BlackElo "2421"]
[PlyCount "66"]
[EventDate "2008.11.01"]
[EventType "team-tourn"]
[EventRounds "9"]
[EventCountry "DEN"]
[WhiteTeam "Nastved"]
[BlackTeam "Bronshoj"]
[WhiteTeamCountry "DEN"]
[BlackTeamCountry "DEN"]

1. d4 c5 2. d5 e5 3. e4 d6 4. Bb5+ Nd7 5. a4 Be7 6. Nf3 Ngf6 7. Nc3 O-O 8. O-O
Ne8 9. Bd3 g6 10. Bh6 Ng7 11. Qd2 Nf6 12. h3 Kh8 13. Nh2 Ng8 14. Be3 f5 15. f4
exf4 16. Bxf4 g5 17. Be3 f4 18. Bf2 Bf6 19. Qe2 Ne7 20. Ng4 Ng6 21. Nh6 f3 22.
gxf3 Bxh3 23. Rfd1 Bxc3 24. bxc3 Ne5 25. Kh1 Qf6 26. Nf5 Nxf5 27. exf5 Qh6 28.
Kg1 g4 29. Be3 Qh5 30. Bf4 Nxf3+ 31. Kf2 Rae8 32. Be4 Rxf5 33. Bxd6 Nd4+ 0-1

[Event "XtraCon-Skakligaen"]
[Site "Denmark"]
[Date "2009.02.22"]
[Round "7.3"]
[White "Hoi, Carsten"]
[Black "Jorgensen, Brian Jorgen"]
[Result "1-0"]
[WhiteElo "2371"]
[BlackElo "2255"]
[PlyCount "73"]
[EventDate "2008.11.01"]
[EventType "team-tourn"]
[EventRounds "9"]
[EventCountry "DEN"]
[WhiteTeam "Bronshoj"]
[BlackTeam "Nastved"]
[WhiteTeamCountry "DEN"]
[BlackTeamCountry "DEN"]

1. d4 d5 2. c4 Nc6 3. Nc3 dxc4 4. e3 e5 5. d5 Nce7 6. Nf3 Ng6 7. h4 Bd6 8. Bxc4
a6 9. a4 Bg4 10. Qb3 Bxf3 11. gxf3 Rb8 12. h5 Nh4 13. Ke2 Nf5 14. Bd2 Nge7 15.
Rag1 O-O 16. Ne4 f6 17. h6 g6 18. Bc3 Kh8 19. a5 Ng8 20. Bd3 Qe8 21. Qc2 Qf7
22. f4 Rbe8 23. Nxd6 Nxd6 24. fxe5 fxe5 25. f4 Nb5 26. Bxb5 axb5 27. Rd1 b4 28.
Bxb4 Ne7 29. Qxc7 exf4 30. Bc3+ Kg8 31. Qe5 Qf6 32. Qxf6 Rxf6 33. Bxf6 Nf5 34.
d6 Ng3+ 35. Kf3 Nxh1 36. d7 Rf8 37. d8=Q 1-0

[Event "XtraCon-Skakligaen"]
[Site "Denmark"]
[Date "2009.02.22"]
[Round "7.4"]
[White "Flindt, Thomas"]
[Black "Carstensen, Jacob"]
[Result "1/2-1/2"]
[WhiteElo "2179"]
[BlackElo "2298"]
[PlyCount "24"]
[EventDate "2008.11.01"]
[EventType "team-tourn"]
[EventRounds "9"]
[EventCountry "DEN"]
[WhiteTeam "Nastved"]
[BlackTeam "Bronshoj"]
[WhiteTeamCountry "DEN"]
[BlackTeamCountry "DEN"]

1. e4 c5 2. Nf3 d6 3. d4 cxd4 4. Nxd4 Nf6 5. Nc3 a6 6. Bc4 e6 7. Bb3 Nbd7 8.
O-O Nc5 9. f4 b5 10. e5 Nfd7 11. exd6 Qb6 12. Be3 Bb7 1/2-1/2

[Event "XtraCon-Skakligaen"]
[Site "Denmark"]
[Date "2009.02.22"]
[Round "7.5"]
[White "Palm, Nikolaj"]
[Black "Schyberg, Brian"]
[Result "1/2-1/2"]
[WhiteElo "2239"]
[BlackElo "2135"]
[PlyCount "118"]
[EventDate "2008.11.01"]
[EventType "team-tourn"]
[EventRounds "9"]
[EventCountry "DEN"]
[WhiteTeam "Bronshoj"]
[BlackTeam "Nastved"]
[WhiteTeamCountry "DEN"]
[BlackTeamCountry "DEN"]

1. d4 Nf6 2. Nf3 c5 3. e3 g6 4. b3 Bg7 5. Bb2 O-O 6. Bd3 Nc6 7. O-O b6 8. a3
Bb7 9. Nbd2 d6 10. c4 e5 11. d5 Ne7 12. Qc2 Qc7 13. Nh4 Rae8 14. Rae1 Ng4 15.
h3 Nh6 16. f4 f5 17. Nhf3 Nf7 18. Qc3 b5 19. Bb1 a5 20. Rf2 a4 21. Rd1 axb3 22.
Nxb3 Ra8 23. Rfd2 bxc4 24. Qxc4 Ba6 25. Qc3 Rfb8 26. Ba2 Qa7 27. Kh1 h6 28. Ba1
Bb5 29. Bb2 Ba4 30. Rb1 Rb5 31. fxe5 Nxe5 32. Nxe5 Bxe5 33. Qd3 Bxb3 34. Qxb5
Bxa2 35. Bxe5 Bxb1 36. Bxd6 Be4 37. Bxc5 Rb8 38. Bxa7 Rxb5 39. d6 Nc6 40. d7
Nd8 41. a4 Rb7 42. Bc5 Kf7 43. a5 Bc6 44. Bb6 Rxb6 45. axb6 Ke7 46. Kh2 Bxd7
47. Kg3 g5 48. Rd1 Bc6 49. Kf2 Nf7 50. Ra1 Nd6 51. Ra5 Kd7 52. Kg1 Be4 53. Rc5
Bc6 54. Ra5 Bb7 55. Rc5 Bc6 56. Ra5 h5 57. g4 hxg4 58. hxg4 fxg4 59. Rxg5 Bf3
1/2-1/2

[Event "XtraCon-Skakligaen"]
[Site "Denmark"]
[Date "2009.02.22"]
[Round "7.6"]
[White "Hansen, Martin"]
[Black "Ligaard, Morten Lund"]
[Result "0-1"]
[WhiteElo "2125"]
[BlackElo "2192"]
[PlyCount "76"]
[EventDate "2008.11.01"]
[EventType "team-tourn"]
[EventRounds "9"]
[EventCountry "DEN"]
[WhiteTeam "Nastved"]
[BlackTeam "Bronshoj"]
[WhiteTeamCountry "DEN"]
[BlackTeamCountry "DEN"]

1. e4 e5 2. Nf3 Nc6 3. Bb5 f5 4. d3 fxe4 5. dxe4 Nf6 6. Nc3 Bb4 7. Qd3 Bxc3+ 8.
bxc3 d6 9. O-O Bd7 10. a4 O-O 11. Bc4+ Kh8 12. Ng5 Qe7 13. Ba2 h6 14. Nf3 Nh5
15. Ne1 Nd8 16. Qe2 Qe8 17. Bc4 Ne6 18. Nd3 a5 19. Bxe6 Bxe6 20. f4 exf4 21.
Nxf4 Nxf4 22. Bxf4 Qc6 23. Qe3 Rf6 24. Rf3 Re8 25. Raf1 Bg4 26. R3f2 Rxe4 27.
Qg3 Be2 28. Bxh6 Rxh6 29. Rf8+ Kh7 30. Qxg7+ Kxg7 31. R8f7+ Kg8 32. Rf8+ Kg7
33. R8f7+ Kg6 34. R7f6+ Kg5 35. R1f5+ Kg4 36. h3+ Kg3 37. Rxh6 Qb6+ 38. Kh1
Qb1+ 0-1

[Event "XtraCon-Skakligaen"]
[Site "Denmark"]
[Date "2009.02.22"]
[Round "7.7"]
[White "Petersen, Steen"]
[Black "Vovk, Oksana"]
[Result "1-0"]
[WhiteElo "2135"]
[BlackElo "2142"]
[PlyCount "31"]
[EventDate "2008.11.01"]
[EventType "team-tourn"]
[EventRounds "9"]
[EventCountry "DEN"]
[WhiteTeam "Bronshoj"]
[BlackTeam "Nastved"]
[WhiteTeamCountry "DEN"]
[BlackTeamCountry "DEN"]

1. e4 e6 2. d3 d5 3. Nd2 Nf6 4. Ngf3 b6 5. c3 Be7 6. e5 Nfd7 7. d4 c5 8. Bd3
Ba6 9. Nf1 O-O 10. h4 f6 11. Bxh7+ Kxh7 12. Ng5+ fxg5 13. hxg5+ Kg8 14. Rh8+
Kxh8 15. Qh5+ Kg8 16. g6 1-0

[Event "XtraCon-Skakligaen"]
[Site "Denmark"]
[Date "2009.02.22"]
[Round "7.8"]
[White "Pedersen, Dimon Paul"]
[Black "Brinck Claussen, Bjorn"]
[Result "1/2-1/2"]
[WhiteElo "2095"]
[BlackElo "2209"]
[PlyCount "81"]
[EventDate "2008.11.01"]
[EventType "team-tourn"]
[EventRounds "9"]
[EventCountry "DEN"]
[WhiteTeam "Nastved"]
[BlackTeam "Bronshoj"]
[WhiteTeamCountry "DEN"]
[BlackTeamCountry "DEN"]

1. c4 e5 2. g3 Nf6 3. Bg2 d5 4. cxd5 Nxd5 5. Nc3 Nb6 6. d3 Be7 7. Nf3 Nc6 8.
O-O O-O 9. Be3 Bg4 10. Rc1 Re8 11. Na4 Nd4 12. Bxd4 exd4 13. Ne5 Bc8 14. Nxb6
axb6 15. a3 Bf8 16. Nf3 b5 17. Qd2 c6 18. e3 dxe3 19. fxe3 Qe7 20. e4 b4 21.
axb4 Qxb4 22. Qxb4 Bxb4 23. Ra1 Be6 24. Kf2 Bb3 25. Ke2 Rad8 26. Rfc1 f5 27. e5
Bd5 28. Ra7 Bxf3+ 29. Bxf3 Rxe5+ 30. Kf1 Re7 31. Rc4 Bd2 32. d4 Kf8 33. Rca4 g5
34. Ra8 Rxa8 35. Rxa8+ Kg7 36. d5 g4 37. Be2 cxd5 38. Rd8 Re5 39. Rd7+ Kg6 40.
Rxb7 d4 41. Rd7 1/2-1/2

[Event "XtraCon-Skakligaen"]
[Site "Denmark"]
[Date "2009.02.22"]
[Round "7.1"]
[White "Hector, Jonny"]
[Black "Matthiesen, Arne"]
[Result "1-0"]
[WhiteElo "2552"]
[BlackElo "2349"]
[PlyCount "83"]
[EventDate "2008.11.01"]
[EventType "team-tourn"]
[EventRounds "9"]
[EventCountry "DEN"]
[WhiteTeam "Nordkalotten"]
[BlackTeam "SK1968"]
[WhiteTeamCountry "DEN"]
[BlackTeamCountry "DEN"]

1. e4 c5 2. Nf3 Nc6 3. d4 cxd4 4. Nxd4 g6 5. Nc3 Bg7 6. Be3 Nf6 7. Bc4 Qa5 8.
O-O O-O 9. Nb3 Qc7 10. Bg5 a6 11. Be2 d6 12. a4 Nb4 13. a5 Be6 14. Ra4 Bxb3 15.
cxb3 Nc6 16. Bxf6 Bxf6 17. Nd5 Qd8 18. Qd2 e6 19. Nb6 Rb8 20. Rd1 Qe7 21. Rc4
Rfd8 22. Bf1 d5 23. exd5 exd5 24. Ra4 Qe5 25. Nxd5 Qxb2 26. Qf4 Be5 27. Qe3 Bg7
28. Re4 Rf8 29. b4 Kh8 30. h4 f5 31. Re6 Bd4 32. Qe1 Bg7 33. Bc4 Qc2 34. Rc1
Qb2 35. h5 gxh5 36. Rd1 Qc2 37. Bd3 Qa2 38. Nf4 Nd4 39. Re7 Nc6 40. Rxg7 Kxg7
41. Qc3+ Kh6 42. Bc4 1-0

[Event "XtraCon-Skakligaen"]
[Site "Denmark"]
[Date "2009.02.22"]
[Round "7.2"]
[White "Matthiesen, Martin"]
[Black "Brynell, Stellan"]
[Result "0-1"]
[WhiteElo "2298"]
[BlackElo "2447"]
[PlyCount "56"]
[EventDate "2008.11.01"]
[EventType "team-tourn"]
[EventRounds "9"]
[EventCountry "DEN"]
[WhiteTeam "SK1968"]
[BlackTeam "Nordkalotten"]
[WhiteTeamCountry "DEN"]
[BlackTeamCountry "DEN"]

1. d4 e6 2. c4 Nf6 3. Nc3 Bb4 4. Qc2 O-O 5. a3 Bxc3+ 6. Qxc3 Ne4 7. Qc2 f5 8.
Nh3 Nc6 9. e3 d6 10. f3 Ng5 11. Nf2 e5 12. d5 Ne7 13. Be2 Ng6 14. O-O f4 15. e4
Nh4 16. Kh1 Rf6 17. c5 Rg6 18. Rg1 Rh6 19. Bd2 Qe8 20. cxd6 cxd6 21. Qc7 Bd7
22. Qxb7 Ng6 23. Bf1 Rb8 24. Qxa7 Rxb2 25. Qa5 Nf8 26. h3 Rc2 27. Bd3 Rc5 28.
Qb4 Qh5 0-1

[Event "XtraCon-Skakligaen"]
[Site "Denmark"]
[Date "2009.02.22"]
[Round "7.3"]
[White "Ahlander, Bjorn"]
[Black "Sobjerg, Erik"]
[Result "1-0"]
[WhiteElo "2399"]
[BlackElo "2304"]
[PlyCount "61"]
[EventDate "2008.11.01"]
[EventType "team-tourn"]
[EventRounds "9"]
[EventCountry "DEN"]
[WhiteTeam "Nordkalotten"]
[BlackTeam "SK1968"]
[WhiteTeamCountry "DEN"]
[BlackTeamCountry "DEN"]

1. d4 d5 2. Nf3 Nc6 3. Bf4 Bg4 4. e3 e6 5. h3 Bh5 6. c4 Nf6 7. Nc3 Bb4 8. Rc1
Bxc3+ 9. Rxc3 Ne4 10. Rc1 Qe7 11. a3 e5 12. dxe5 d4 13. exd4 O-O-O 14. g4 Bg6
15. Bg2 Nc5 16. O-O Nd3 17. Be3 Nxc1 18. Qxc1 Be4 19. Qc3 h5 20. g5 h4 21. b4
Rde8 22. Re1 Qd7 23. b5 Nd8 24. Bc1 Bf5 25. d5 Bxh3 26. e6 Bxe6 27. Ne5 Qd6 28.
c5 Qf8 29. dxe6 Nxe6 30. Bxb7+ Kxb7 31. Qf3+ 1-0

[Event "XtraCon-Skakligaen"]
[Site "Denmark"]
[Date "2009.02.22"]
[Round "7.4"]
[White "Lindfeldt, Jan Magnus"]
[Black "Jakobsen, Peter"]
[Result "1/2-1/2"]
[WhiteElo "2249"]
[BlackElo "2219"]
[PlyCount "54"]
[EventDate "2008.11.01"]
[EventType "team-tourn"]
[EventRounds "9"]
[EventCountry "DEN"]
[WhiteTeam "SK1968"]
[BlackTeam "Nordkalotten"]
[WhiteTeamCountry "DEN"]
[BlackTeamCountry "DEN"]

1. e4 c5 2. Nf3 d6 3. c3 Nf6 4. Be2 Bd7 5. d3 Nc6 6. O-O g6 7. Re1 Bg7 8. Bf1
O-O 9. h3 e5 10. Nbd2 Qc7 11. a3 Rfe8 12. b4 a6 13. Bb2 Rad8 14. Qc2 Qb8 15. d4
cxd4 16. cxd4 exd4 17. Nxd4 Rc8 18. Nxc6 Bxc6 19. Qb1 Qa7 20. Bd3 b5 21. Qa2 d5
22. Rac1 Nxe4 23. Bxe4 Bxb2 24. Qxb2 dxe4 25. Nxe4 Bxe4 26. Rxc8 Rxc8 27. Rxe4
Qc7 1/2-1/2

[Event "XtraCon-Skakligaen"]
[Site "Denmark"]
[Date "2009.02.22"]
[Round "7.5"]
[White "Nielsen, Lars Aaes"]
[Black "Hansen, Lars"]
[Result "1/2-1/2"]
[WhiteElo "2178"]
[BlackElo "2212"]
[PlyCount "103"]
[EventDate "2008.11.01"]
[EventType "team-tourn"]
[EventRounds "9"]
[EventCountry "DEN"]
[WhiteTeam "Nordkalotten"]
[BlackTeam "SK1968"]
[WhiteTeamCountry "DEN"]
[BlackTeamCountry "DEN"]

1. e4 g6 2. d4 Bg7 3. Be3 d6 4. Be2 Nf6 5. Nc3 O-O 6. g4 c5 7. g5 Nfd7 8. Nf3
cxd4 9. Bxd4 Nc6 10. Bxg7 Kxg7 11. Qd2 Nc5 12. Nd4 Nxd4 13. Qxd4+ e5 14. Qe3 f5
15. gxf6+ Qxf6 16. Rd1 b6 17. Nd5 Qh4 18. Bf3 Qh3 19. Be2 Qh4 20. Bf3 Rxf3 21.
Qxf3 Bg4 22. Qg3 Qxg3 23. hxg3 Bxd1 24. Kxd1 Nxe4 25. Ke2 Rf8 26. Rh2 Nf6 27.
Ne3 d5 28. c3 h5 29. Rh1 Kf7 30. f3 Ke6 31. Rd1 g5 32. Rh1 Rc8 33. Kd3 Rf8 34.
Ke2 a6 35. c4 d4 36. Nd5 Nxd5 37. cxd5+ Kxd5 38. Rxh5 Rc8 39. Rxg5 Rc2+ 40. Kd3
Rxb2 41. f4 Rxa2 42. Rxe5+ Kd6 43. g4 Rf2 44. Rf5 a5 45. Kxd4 a4 46. Rf6+ Kc7
47. Rf7+ Kc6 48. Ke3 Rg2 49. Kf3 Rg1 50. g5 b5 51. Ra7 Kb6 52. Ra8 1/2-1/2

[Event "XtraCon-Skakligaen"]
[Site "Denmark"]
[Date "2009.02.22"]
[Round "7.6"]
[White "Riis, Jens"]
[Black "Kristensen, Kaare Hove"]
[Result "1/2-1/2"]
[WhiteElo "2163"]
[BlackElo "2215"]
[PlyCount "75"]
[EventDate "2008.11.01"]
[EventType "team-tourn"]
[EventRounds "9"]
[EventCountry "DEN"]
[WhiteTeam "SK1968"]
[BlackTeam "Nordkalotten"]
[WhiteTeamCountry "DEN"]
[BlackTeamCountry "DEN"]

1. d4 d5 2. Nf3 Nf6 3. Bf4 c5 4. e3 Nc6 5. c3 Qb6 6. Qc2 Bg4 7. Nbd2 e6 8. Be2
Be7 9. h3 Bf5 10. Qc1 h6 11. O-O O-O 12. Bh2 Rac8 13. dxc5 Bxc5 14. Nb3 Be7 15.
Nfd4 Bh7 16. Bf3 Nd7 17. Rd1 Nce5 18. Be2 Rfd8 19. a4 a5 20. Nb5 Nc4 21. Bd3
Bxd3 22. Rxd3 Nc5 23. Nxc5 Rxc5 24. Qc2 Rxb5 25. axb5 Qxb5 26. Ra2 a4 27. Rd1
Bf6 28. Rda1 Qb3 29. Qxb3 axb3 30. Ra8 Rxa8 31. Rxa8+ Kh7 32. Rb8 b6 33. Bc7
Bxc3 34. Bxb6 Be5 35. Rb7 Nd6 36. Rb8 Nc4 37. Rb7 Nd6 38. Rb8 1/2-1/2

[Event "XtraCon-Skakligaen"]
[Site "Denmark"]
[Date "2009.02.22"]
[Round "7.7"]
[White "Hove, Esben Kjems"]
[Black "Christensen, Thomas"]
[Result "1-0"]
[WhiteElo "2285"]
[BlackElo "2245"]
[PlyCount "87"]
[EventDate "2008.11.01"]
[EventType "team-tourn"]
[EventRounds "9"]
[EventCountry "DEN"]
[WhiteTeam "Nordkalotten"]
[BlackTeam "SK1968"]
[WhiteTeamCountry "DEN"]
[BlackTeamCountry "DEN"]

1. d4 d5 2. Nf3 Nf6 3. Bf4 c6 4. Nbd2 Bf5 5. e3 e6 6. h3 Bd6 7. Ne5 Qc7 8. Bh2
Nfd7 9. f4 f6 10. g4 Bg6 11. Nxg6 hxg6 12. Nf3 Qb6 13. Qb1 c5 14. c3 Nf8 15.
Qc2 Nc6 16. O-O-O O-O-O 17. Kb1 Kb8 18. Bg2 Rc8 19. Rhe1 f5 20. Bg3 c4 21. Ng5
Nd8 22. Rh1 Nd7 23. Nf3 Qa5 24. Nh4 Nf8 25. gxf5 gxf5 26. Nxf5 exf5 27. Qxf5
Rh6 28. Qxd5 Qa6 29. Qf3 Rg6 30. e4 Qa4 31. e5 Be7 32. e6 Bd6 33. e7 Bxe7 34.
f5+ Rd6 35. Bxd6+ Bxd6 36. f6 gxf6 37. Qxf6 Qd7 38. h4 Qh7+ 39. Ka1 Be7 40.
Qf4+ Ka8 41. Be4 Qh8 42. Rde1 Nfe6 43. Qg4 Rc7 44. Bd5 1-0

[Event "XtraCon-Skakligaen"]
[Site "Denmark"]
[Date "2009.02.22"]
[Round "7.8"]
[White "Christensen, Henrik"]
[Black "Koch, Soren Andreas"]
[Result "1-0"]
[WhiteElo "2011"]
[BlackElo "2178"]
[PlyCount "115"]
[EventDate "2008.11.01"]
[EventType "team-tourn"]
[EventRounds "9"]
[EventCountry "DEN"]
[WhiteTeam "SK1968"]
[BlackTeam "Nordkalotten"]
[WhiteTeamCountry "DEN"]
[BlackTeamCountry "DEN"]

1. e4 d5 2. exd5 Nf6 3. Nc3 Nxd5 4. d4 g6 5. Bc4 Nxc3 6. Qf3 e6 7. bxc3 Bg7 8.
h4 c5 9. Bg5 f6 10. Be3 cxd4 11. cxd4 Qc7 12. Qe2 Nc6 13. Nf3 Na5 14. Bb5+ Bd7
15. Bxd7+ Qxd7 16. O-O Rc8 17. Bd2 Nc4 18. Bb4 Kf7 19. Bc5 Qd5 20. Rab1 b6 21.
Bb4 Rc6 22. Rb3 Rhc8 23. Rfb1 Na5 24. Bxa5 Qxa5 25. R1b2 a6 26. c4 Rxc4 27.
Rxb6 R4c6 28. Rxc6 Rxc6 29. Rb7+ Kg8 30. Qb2 Rc7 31. Rb8+ Kf7 32. Kh2 Bf8 33.
g3 Qd5 34. Rxf8+ Kxf8 35. Qb8+ Kg7 36. Qxc7+ Kg8 37. Kg2 Qxa2 38. Qe7 Qd5 39.
Qxf6 a5 40. Qe5 Kf7 41. Qxd5 exd5 42. Nd2 Kf6 43. g4 a4 44. Kf1 h5 45. f3 g5
46. hxg5+ Kxg5 47. gxh5 Kxh5 48. Nb1 Kg5 49. Kg2 Kh4 50. Na3 Kg5 51. Kg3 Kf5
52. Nb1 Kg5 53. f4+ Kh5 54. Na3 Kg6 55. Kg4 Kf6 56. f5 Kf7 57. Kf4 Kf6 58. Nb1
1-0

[Event "XtraCon-Skakligaen"]
[Site "Denmark"]
[Date "2009.02.22"]
[Round "7.1"]
[White "Lund, Silas"]
[Black "Pedersen, Nicolai Vesterbaek"]
[Result "1/2-1/2"]
[WhiteElo "2425"]
[BlackElo "2443"]
[PlyCount "129"]
[EventDate "2008.11.01"]
[EventType "team-tourn"]
[EventRounds "9"]
[EventCountry "DEN"]
[WhiteTeam "K41"]
[BlackTeam "Aalborg"]
[WhiteTeamCountry "DEN"]
[BlackTeamCountry "DEN"]

1. d4 Nf6 2. c4 e6 3. Nc3 Bb4 4. e3 O-O 5. Bd3 d5 6. Nf3 c5 7. O-O Nc6 8. a3
Bxc3 9. bxc3 Qc7 10. cxd5 exd5 11. a4 Re8 12. Ba3 c4 13. Bc2 Qa5 14. Bb2 Bg4
15. Qe1 Bh5 16. Nh4 Ne7 17. f3 Nc8 18. g4 Bg6 19. Nxg6 hxg6 20. Ba3 Re6 21. Rb1
Qc7 22. Qd2 Qc6 23. g5 Ne8 24. Rb5 Nc7 25. Rbb1 Ne8 26. e4 Ned6 27. Qf4 a6 28.
e5 Ne8 29. a5 Nc7 30. Qd2 Nb5 31. Bb4 Ne7 32. Bxe7 Rxe7 33. f4 b6 34. Ra1 bxa5
35. Rxa5 Qb6 36. Ra2 Rb8 37. Kg2 Reb7 38. f5 Qc6 39. h4 gxf5 40. Rxf5 Qe6 41.
Rf4 Nc7 42. Kg3 Rb3 43. Rf3 Qe7 44. g6 fxg6 45. Bxg6 Rf8 46. Qe3 Nb5 47. Rc2
Nd6 48. Rcf2 Rxf3+ 49. Qxf3 Ne4+ 50. Bxe4 dxe4 51. Qxe4 Rxc3+ 52. Rf3 Rxf3+ 53.
Kxf3 c3 54. Ke3 Qc7 55. Qd5+ Kh7 56. Qc5 Qd7 57. Qxc3 Qh3+ 58. Kd2 Qh2+ 59. Kd3
Qxh4 60. Kc4 Qe4 61. Qh3+ Kg6 62. Qe6+ Kh5 63. Qh3+ Kg6 64. Qe6+ Kh5 65. Qh3+
1/2-1/2

[Event "XtraCon-Skakligaen"]
[Site "Denmark"]
[Date "2009.02.22"]
[Round "7.2"]
[White "Pedersen, Erik"]
[Black "Semcesen, Daniel"]
[Result "1/2-1/2"]
[WhiteElo "2417"]
[BlackElo "2402"]
[PlyCount "62"]
[EventDate "2008.11.01"]
[EventType "team-tourn"]
[EventRounds "9"]
[EventCountry "DEN"]
[WhiteTeam "Aalborg"]
[BlackTeam "K41"]
[WhiteTeamCountry "DEN"]
[BlackTeamCountry "DEN"]

1. b3 d5 2. Bb2 Bg4 3. h3 Bh5 4. Nf3 Nd7 5. e3 e6 6. Be2 f6 7. d4 Bd6 8. O-O
Ne7 9. c4 c6 10. Nc3 O-O 11. e4 Re8 12. Re1 Rc8 13. Nd2 Bf7 14. Bf3 Bb8 15. Rc1
e5 16. exd5 exd4 17. dxc6 bxc6 18. Na4 Nb6 19. Nxb6 axb6 20. c5 bxc5 21. g3 Qa5
22. a4 Be5 23. Ba3 Nd5 24. Nc4 Qd8 25. Bxc5 Nc3 26. Qd3 Bd5 27. Bh5 g6 28. Bxg6
hxg6 29. Qxg6+ Kh8 30. Qh6+ Kg8 31. Qg6+ Kh8 1/2-1/2